[Event "DEN-ch Seniors 65+"]
[Site "Logumkloster"]
[Date "2017.02.17"]
[Round "6"]
[White "Bjerre, Per"]
[Black "Hansen, Ib Lynaes"]
[Result "0-1"]
[WhiteElo "1628"]
[BlackElo "1787"]
[PlyCount "70"]
[EventDate "2017.02.12"]
[EventType "swiss"]
[EventRounds "7"]
[EventCountry "DEN"]
[SourceTitle "EXT 2018"]
[Source "ChessBase"]
[SourceDate "2017.10.13"]
[SourceVersion "1"]
[SourceVersionDate "2017.10.13"]
[SourceQuality "1"]

1. e4 e5 2. Bc4 Nf6 3. Nf3 Be7 4. d4 0-0 5. dxe5 Nxe4 6. 0-0 c6 7. Re1 d5 8. Bd3 Bg4 9. Nc3 Nxc3 10. bxc3 Nd7 11. h3 Bh5 12. g4 Bg6 13. e6 Nc5 14. exf7+ Bxf7 15. Be3 Ne6 16. Qd2 Qd6 17. Kg2 Rad8 18. Bxa7 Nf4+ 19. Kh1 Nxh3 20. Nh2 c5 21. Rab1 Bh4 22. Rf1 Bg6 23. f3 Ra8 24. Rxb7 Bxd3 25. cxd3 Qh6 26. Rb2 Rxa7 27. f4 d4 28. cxd4 Qc6+ 29. Nf3 Ng5 30. Qe2 Nxf3 31. Rxf3 Bf6 32. Rb3 Bxd4 33. f5 Re8 34. Qg2 Re1+ 35. Kh2 Be5+ 0-1

[Event "DEN-ch Seniors 65+"]
[Site "Logumkloster"]
[Date "2017.02.16"]
[Round "5"]
[White "Larsen, Torben2"]
[Black "Bjerre, Per"]
[Result "0-1"]
[WhiteElo "1658"]
[BlackElo "1628"]
[PlyCount "50"]
[EventDate "2017.02.12"]
[EventType "swiss"]
[EventRounds "7"]
[EventCountry "DEN"]
[SourceTitle "EXT 2018"]
[Source "ChessBase"]
[SourceDate "2017.10.13"]
[SourceVersion "1"]
[SourceVersionDate "2017.10.13"]
[SourceQuality "1"]

1. d4 Nf6 2. c4 e5 3. dxe5 Ng4 4. Nf3 Bc5 5. e3 Nc6 6. Be2 Ngxe5 7. Nxe5 Nxe5 8. 0-0 0-0 9. Nc3 a5 10. Kh1 Re8 11. b3 Ra6 12. Ne4 Ba7 13. Ng3 c5 14. Bb2 Bb8 15. Qc2 d5 16. cxd5 Rh6 17. Nf5 Bxf5 18. Qxf5 Qh4 19. h3 Qd8 20. Rad1 g6 21. Qc2 Qc8 22. e4 Rxh3+ 23. gxh3 Qxh3+ 24. Kg1 Nf3+ 25. Bxf3 Qh2# 0-1

[Event "DEN-ch Seniors 65+"]
[Site "Logumkloster"]
[Date "2017.02.15"]
[Round "4"]
[White "Bjerre, Per"]
[Black "Baagoe, Hans Chr"]
[Result "1/2-1/2"]
[WhiteElo "1628"]
[BlackElo "1566"]
[PlyCount "122"]
[EventDate "2017.02.12"]
[EventType "swiss"]
[EventRounds "7"]
[EventCountry "DEN"]
[SourceTitle "EXT 2018"]
[Source "ChessBase"]
[SourceDate "2017.10.13"]
[SourceVersion "1"]
[SourceVersionDate "2017.10.13"]
[SourceQuality "1"]

1. e4 c5 2. Nf3 Nc6 3. d4 cxd4 4. Nxd4 e5 5. Nxc6 bxc6 6. Bc4 Nf6 7. Qe2 Be7 8. Nc3 0-0 9. 0-0 d6 10. h3 Bb7 11. a3 Qc7 12. b4 d5 13. Bb3 d4 14. Na4 a5 15. Bd2 Ba6 16. Bc4 Bxc4 17. Qxc4 Nxe4 18. Qd3 Nxd2 19. Qxd2 Rfb8 20. c3 axb4 21. axb4 dxc3 22. Nxc3 Rxa1 23. Rxa1 h6 24. Qc2 Qb7 25. Qe4 Bf6 26. Rb1 g6 27. b5 c5 28. Nd5 Bg7 29. b6 Kh8 30. Ra1 Ra8 31. Rxa8+ Qxa8 32. Qc4 e4 33. Nc7 Qa1+ 34. Qf1 Qxf1+ 35. Kxf1 Be5 36. Na6 c4 37. Ke2 f5 38. b7 c3 39. b8Q+ Bxb8 40. Nxb8 g5 41. Nc6 Kg7 42. Nd4 Kf6 43. g3 h5 44. f4 exf3+ 45. Kxf3 Ke5 46. Nc2 g4+ 47. hxg4 fxg4+ 48. Ke2 Ke4 49. Ne1 Kd4 50. Ng2 Ke4 51. Nh4 Kd4 52. Kd1 Kd3 53. Kc1 Ke3 54. Kc2 Kf2 55. Nf5 Kf3 56. Kxc3 h4 57. gxh4 Kf4 58. Ng3 Kxg3 59. h5 Kf2 60. h6 g3 61. h7 g2 1/2-1/2

[Event "DEN-ch Seniors 65+"]
[Site "Logumkloster"]
[Date "2017.02.14"]
[Round "3"]
[White "Kristensen, Karl Martin"]
[Black "Bjerre, Per"]
[Result "0-1"]
[WhiteElo "1557"]
[BlackElo "1628"]
[PlyCount "98"]
[EventDate "2017.02.12"]
[EventType "swiss"]
[EventRounds "7"]
[EventCountry "DEN"]
[SourceTitle "EXT 2018"]
[Source "ChessBase"]
[SourceDate "2017.10.13"]
[SourceVersion "1"]
[SourceVersionDate "2017.10.13"]
[SourceQuality "1"]

1. c4 e5 2. Nc3 Nc6 3. d3 Nf6 4. h3 Be7 5. e4 d6 6. f4 exf4 7. Bxf4 Nd4 8. Be3 Nc6 9. Nf3 0-0 10. Qd2 Re8 11. d4 Bf8 12. Bd3 b6 13. a3 Na5 14. Qc2 g6 15. 0-0 Nh5 16. b4 Nb7 17. Qf2 f6 18. b5 Be6 19. g4 Ng7 20. e5 dxe5 21. Ne4 Be7 22. Rad1 Rf8 23. Bc2 exd4 24. Nxd4 Nd6 25. Bh6 Bxc4 26. Rfe1 Qe8 27. Bxg7 Kxg7 28. a4 Nxe4 29. Rxe4 Qf7 30. Rde1 Bc5 31. Kh2 Rad8 32. Rd1 Bd5 33. Re2 Rfe8 34. Rde1 Rxe2 35. Rxe2 Re8 36. Qe1 Rxe2+ 37. Nxe2 Qe6 38. Qd2 Be3 39. Qe1 Bf4+ 40. Kg1 Qe3+ 41. Qf2 Bh2+ 42. Kf1 Qxh3+ 43. Ke1 Be5 44. Nf4 Bc3+ 45. Ke2 Bc4+ 46. Bd3 Qxg4+ 47. Qf3 Qxf3+ 48. Kxf3 Bb3 49. Ke4 Be5 0-1

[Event "DEN-ch Seniors 65+"]
[Site "Logumkloster"]
[Date "2017.02.12"]
[Round "1"]
[White "Strachan, Christian C"]
[Black "Bjerre, Per"]
[Result "1-0"]
[WhiteElo "1948"]
[BlackElo "1628"]
[PlyCount "43"]
[EventDate "2017.02.12"]
[EventType "swiss"]
[EventRounds "7"]
[EventCountry "DEN"]
[SourceTitle "EXT 2018"]
[Source "ChessBase"]
[SourceDate "2017.10.13"]
[SourceVersion "1"]
[SourceVersionDate "2017.10.13"]
[SourceQuality "1"]

1. e4 e6 2. d4 d5 3. Nd2 c5 4. exd5 cxd4 5. Bb5+ Bd7 6. dxe6 Bxb5 7. exf7+ Kxf7 8. Qh5+ g6 9. Qxb5 Qe7+ 10. Ne2 Nf6 11. 0-0 Nc6 12. Nf3 Rd8 13. Qc4+ Kg7 14. Nexd4 Nxd4 15. Nxd4 Rd6 16. Bf4 Rd5 17. Rfe1 Qd7 18. Ne6+ Kg8 19. Nxf8 Kxf8 20. Be5 Kf7 21. Bxf6 Kxf6 22. Qc3+ 1-0

[Event "DEN-ch Seniors 65"]
[Site "Randers"]
[Date "2015.02.07"]
[Round "1"]
[White "Olesen, Poul Erik Norgaard"]
[Black "Bjerre, Per"]
[Result "1-0"]
[WhiteElo "2050"]
[BlackElo "1680"]
[PlyCount "65"]
[EventDate "2015.02.07"]
[EventType "swiss"]
[EventRounds "7"]
[EventCountry "DEN"]
[SourceTitle "EXT 2016"]
[Source "ChessBase"]
[SourceDate "2015.10.08"]
[SourceVersion "1"]
[SourceVersionDate "2015.10.08"]
[SourceQuality "1"]

1. e4 d5 2. exd5 Nf6 3. Nc3 e6 4. Bb5+ c6 5. dxc6 bxc6 6. Be2 Bb7 7. Nf3 Bd6 8. 0-0 Qc7 9. d4 0-0 10. Bg5 Ng4 11. h3 Nh2 12. Re1 Nd7 13. Nxh2 Bxh2+ 14. Kh1 Bf4 15. Bxf4 Qxf4 16. Bf3 Rfd8 17. Qd3 Rab8 18. Rad1 g6 19. Qe3 Qh4 20. Kh2 Nb6 21. g3 Qe7 22. Ne4 Nd5 23. Qh6 Qf8 24. Qh4 Qg7 25. c4 Nb4 26. a3 Nc2 27. Re2 g5 28. Nxg5 Rxd4 29. Rxd4 Nxd4 30. Rd2 Rd8 31. Be4 h6 32. Nxe6 Nf3+ 33. Bxf3 1-0